00992 2200361 4500001002100000005001500021035002000036007000300056040001600059100004200075245005000117250001300167300004700180020001800227041000800245082001000253084001600263090002400279264003800303336002100341337003000362338002300392650002100415850001000436008004100446504002900487990001900516990001900535990001900554990001900573990001900592990001900611INLIS00000000000457420260524082007 a0010-0122000206ta aSPBUPDbind0 aH. Burhanuddin Salam, M.M.ePengarang1 aEtika Individual :bPola Dasar Filsafat Moral a.-Cet. 1 axiii, 236 hal. :billus. ;c14,5 x 20,2 cm a979-518-761-9 aind a2x5.2 a2x5.2 BUR e a155.333 IND s 2- R4 a.--Jakarta :bRineka Cipta,c2000 2rdacontentaTeks 2rdamediaaTanpa Perantara 2rdacarrieraVolume 4aEtika Individual aPUPAD260524 0  abibliografi, hlm 234-236 a13301/BR/.2010 a13299/BR/.2010 a13300/BR/.2010 a037/BR/KAPD 11 a038/BR/KAPD 11 a039/BR/KAPD 11